LEADER 01132nam 2200385 450 001 9910138288603321 005 20221012005145.0 010 $a953-51-6090-7 035 $a(CKB)3230000000075620 035 $a(NjHacI)993230000000075620 035 $a(EXLCZ)993230000000075620 100 $a20221012d2012 uy 0 101 0 $aeng 135 $aur||||||||||| 181 $ctxt$2rdacontent 182 $cc$2rdamedia 183 $acr$2rdacarrier 200 00$aAutomatic Flight Control Systems $eLatest Developments /$fedited by Thomas Lombaerts 210 1$aRijeka :$cInTech,$d2012. 210 4$d©2012 215 $a1 online resource (xi, 216 pages) $cillustrations 311 $a953-307-816-2 517 $aAutomatic flight control systems 606 $aAutomatic pilot (Airplanes) 606 $aFlight control 615 0$aAutomatic pilot (Airplanes) 615 0$aFlight control. 676 $a629.1326 702 $aLombaerts$b Thomas 801 0$bNjHacI 801 1$bNjHacl 906 $aBOOK 912 $a9910138288603321 996 $aAutomatic Flight Control Systems$92952355 997 $aUNINA LEADER 01730nam 2200421z- 450 001 9910346956203321 005 20210211 010 $a1000078961 035 $a(CKB)4920000000100960 035 $a(oapen)https://directory.doabooks.org/handle/20.500.12854/53727 035 $a(oapen)doab53727 035 $a(EXLCZ)994920000000100960 100 $a20202102d2018 |y 0 101 0 $ager 135 $aurmn|---annan 181 $ctxt$2rdacontent 182 $cc$2rdamedia 183 $acr$2rdacarrier 200 00$aModellierung und Ausfu?hrung von Workflows unter Beru?cksichtigung mobiler Kontextinformationen 210 $cKIT Scientific Publishing$d2018 215 $a1 online resource (XVIII, 362 p. p.) 311 08$a3-7315-0754-4 330 $aExisting business modeling languages (or their extensions) have time, identity and activity related contexts (or objects) for modeling business processes. In order to support a Context Aware Service, location awareness is needed to enable the application or process to control the related workflows. For the integration of location constraints into workflow models, a concept based on restrictions is being developed in the present work. 610 $abusiness process 610 $acontext awareness 610 $aGescha?ftsprozess 610 $aKontextinformationen 610 $alocation constraints 610 $amobil 610 $amobile 610 $aOrtsbezu?ge 610 $aworkflow 610 $aWorkflow 700 $aStürzel$b Peter$4auth$01305283 906 $aBOOK 912 $a9910346956203321 996 $aModellierung und Ausführung von Workflows unter Berücksichtigung mobiler Kontextinformationen$93027834 997 $aUNINA